University Home | Library Home | Institutional Repository

D.H. Lawrence: a composite biography / (Record no. 134976)

MARC details
000 -LEADER
fixed length control field 01135cam7a220027700 4500
001 - CONTROL NUMBER
control field qce00443064
005 - DATE AND TIME OF LATEST TRANSACTION
control field 20190822121508.0
008 - FIXED-LENGTH DATA ELEMENTS--GENERAL INFORMATION
fixed length control field 720727m19571959wiuac b 000 0beng
010 ## - LIBRARY OF CONGRESS CONTROL NUMBER
LC control number 57009817
035 ## - SYSTEM CONTROL NUMBER
System control number (Sirsi) r9112
035 ## - SYSTEM CONTROL NUMBER
System control number (QCAT)lss00260092
035 ## - SYSTEM CONTROL NUMBER
System control number (UPRA)qce00443064
040 ## - CATALOGING SOURCE
Modifying agency UPRA
050 0# - LIBRARY OF CONGRESS CALL NUMBER
Classification number PR6023.A93
Item number Z73
082 ## - DEWEY DECIMAL CLASSIFICATION NUMBER
Classification number 928.2
100 1# - MAIN ENTRY--PERSONAL NAME
Personal name Nehls, Edward.
Linkage A62195.1
245 10 - TITLE STATEMENT
Title D.H. Lawrence: a composite biography /
Statement of responsibility, etc. gathered, arranged, and edited by Edward Nehls.
260 ## - PUBLICATION, DISTRIBUTION, ETC.
Place of publication, distribution, etc. Madison :
Name of publisher, distributor, etc. University of Wisconsin Press,
Date of publication, distribution, etc. 1957-59.
504 ## - BIBLIOGRAPHY, ETC. NOTE
Bibliography, etc. note Bibliography: v. 1, p. 535-540. "Notes and sources": v. 1, p. 541-600.
505 0# - FORMATTED CONTENTS NOTE
Formatted contents note Vol. 1. 1885-1919 -- v. 2. 1919-1925 -- v. 3. 1925-1930.
600 10 - SUBJECT ADDED ENTRY--PERSONAL NAME
Personal name Lawrence, D. H. (David Herbert), 1885-1930.
Fuller form of name Lawrence, D. H. (David Herbert), 1885-1930.
Dates associated with a name Lawrence, D. H. (David Herbert), 1885-1930.
Linkage S4079.3
949 ## - LOCAL PROCESSING INFORMATION (OCLC)
a PR6023.A93
v VOL. 1
w lcc
i -534
m MAIN
p 2250
t BOOK
l ON-SHELF
949 ## - LOCAL PROCESSING INFORMATION (OCLC)
a PR6023.A93
v VOL. 2
w lcc
i -535
m MAIN
p 2250
t BOOK
l ON-SHELF
949 ## - LOCAL PROCESSING INFORMATION (OCLC)
a PR6023.A93
v VOL. 3
w lcc
i -536
m MAIN
p 2250
t BOOK
l ON-SHELF

No items available.

© 2026 - The University of Zambia Library - Koha v25.11